La bataille économique
Salvato in:
| Autore principale: | |
|---|---|
| Natura: | Libro |
| Lingua: | Undetermined |
| Pubblicazione: |
Paris
Payot
1934
|
| Soggetti: | |
| Tags: |
Aggiungi Tag
Nessun Tag, puoi essere il primo ad aggiungerne! !
|
| Thư viện lưu trữ: | Trung tâm Học liệu Trường Đại học Cần Thơ |
|---|
| LEADER | 00461nam a2200181Ia 4500 | ||
|---|---|---|---|
| 001 | CTU_82088 | ||
| 008 | 210402s9999 xx 000 0 und d | ||
| 082 | |a 330.9 | ||
| 082 | |b H572 | ||
| 100 | |a Hersent, Georges | ||
| 245 | 0 | |a La bataille économique | |
| 245 | 0 | |c Georges Hersent | |
| 260 | |a Paris | ||
| 260 | |b Payot | ||
| 260 | |c 1934 | ||
| 650 | |a Economic history | ||
| 904 | |i Trọng Hải | ||
| 980 | |a Trung tâm Học liệu Trường Đại học Cần Thơ | ||